000 00994nam a2200229Ia 4500
001 L250-16374
003 IT-CnALBA
008 170116s9999||||xx |||||||||||||| ||und||
040 _aIT-CnALBA
_cIT-CnALBA
041 _aITALIANO
100 _aMICHELETTI M. ANDREAS, SAC.
245 0 _aIL GALATEO DEL SEMINARISTA. - AVVISI E CONSIGLI DI CIVILTÀ, PRUDENZA ED OSSERVANZA.
250 _a1a ed.
260 _aROMA - RATISBONA
_bPUNTET FED. LIBR. PONT.
_c1912 [1° Ed.:1912 - Ed.Ling.Originale: 1912]
300 _a150 p.
500 _aESTRATTI DALLA SACRA SCRITTURA, DAI SANTI PADRI E DAL REGOLAMENTO PRESCRITTO DALLA SANTA SEDE AI SEMINARISTI D'ITALIA.
501 _aSocietà San Paolo EM - Piazza San Paolo, 14 - 12051 ALBA (CN) (non commercial uses only) ® Copyright 2017
520 _aESTRATTI DALLA SACRA SCRITTURA, DAI SANTI PADRI E DAL REGOLAMENTO PRESCRITTO DALLA SANTA SEDE AI SEMINARISTI D'ITALIA.
650 _aTEOLOGIA PASTORALE
942 _cBK
957 _71
999 _a21122
_bSI
_g Copie: 1
_c275536
_d275536